000 00730nam a22001577a 4500
008 140902b xxu||||| |||| 00| 0 eng d
020 _a0406093032
050 _aKD277.7.L39(1915 vol.1)
245 _aThe Law Reports (1915 vol.1) Kings Bench division :Of the incorporated council of law reporting king's bench division and on appeal therefrom in the Court of Appeal decisions in the court of criminal appeal and decisions of the railway and canal commission. /
_cedited by sir Frederick Pollock and assisted by A.P. Stone
260 _aLondon:
_bButterworth & Co. Ltd,
_c1915.
300 _axv,940p.:
_c24cm.
440 _pKing's bench division
_vVol I
800 _aPollock, Frederick
800 _aStone, A.P.
942 _2lcc
_cBK
999 _c4037
_d11537